000 03726nam a2200481 a 4500
003 CHAP
005 20250127140702.0
007 cr ||||||a|c|a
008 110126s2010 mx r 00010 spa d
035 _a112027
040 _cCHAP
090 _aTesis
100 1 _aTecpan Sedano, Sara Edith
_9111976
245 1 0 _aValoración económica del cerro del Tezcutzingo, Texcoco, Estado de México
_c/por Sara Edith Tecpan Sedano; director de tesis Ramón Valdivia Alcalá.
264 1 _aChapingo, Méx. :
_bEl autor,
_c2010.
300 _a1 recurso en línea (117 páginas):
_bcuadros, figuras.
336 _2rdacontent
_atexto
_btxt
337 _2rdamedia
_acomputadora
_bc
338 _2rdacarrier
_arecursos en línea
_bcr
502 _bDCEA
_cDICEA
_d2010.
_gDOC
520 _aRESUMEN En la presente investigación se abordó la problemática que presenta el cerro del Tezcutzingo, conocida coloquialmente como “Los Baños de Netzahualcóyotl”, ya que al comportarse como un bien publico (no exclusión y no rivalidad en el consumo), y siendo recursos de libre acceso carecen de un mercado y en consecuencia, también carecen de un precio de disfrute, que refleje su valor. Por lo que se le asigna al Estado la responsabilidad de conservarlo y administrarlo, pero éste no tiene los recursos necesarios para darle un adecuado mantenimiento así que al no darle el mantenimiento constante y adecuado se ha deteriorado y en caso extremo se puede llegar a la pérdida de este recurso natural y arqueológico. Dicho lugar constituye un activo cultural que la sociedad desea conservar ya que proporciona utilidad tanto a los habitantes del medio rural donde está inmerso, como a los habitantes del medio urbano que visitan la zona, sin embargo, en la actualidad presenta problemas como la disminución de cobertura vegetal, contaminación por residuos de visitantes, alta tasa de erosión, mal estado de edificios y jardines, deforestación y extracción de recursos forestales. Dentro de este contexto se propone como Objetivo General, Valorar económicamente la riqueza natural y arqueológica de la zona conocida como “Los baños de Netzahualcóyotl”, para la gente que conoce y/o visita. Se utilizó el método de valoración contingente, para lo cual se realizaron 120 encuestas a visitantes y personas que viven cerca de dicho lugar. Con la información obtenida resultó una Disposición a Pagar (DAP) de 41.89 pesos Las variables que más explicaron el modelo fueron precio, PAM (percepción ambiental), ingreso y sexo. Palabras clave: Disponibilidad a pagar (DAP), conservación, cerro del Tezcutzingo, valoración económica
590 _aALEPH
_b10
_c20130110
590 _aBATCH-UPD
_b10
_c20130110
590 _aBATCH-UPD
_b10
_c20130410
590 _aBATCH-UPD
_b10
_c20130914
590 _aBATCH-UPD
_b10
_c20140324
590 _aBATCH-UPD
_b10
_c20141002
590 _aCONVERSION
_b10
_c20130109
650 1 4 _aAreas recreativas.
_96882
650 1 4 _aArqueología
_xMantenimiento y reparación.
_97347
650 1 4 _aArqueología
_xMéxico (Edo.)
_97349
650 1 4 _aControl de precios.
_927602
650 1 4 _aRecursos naturales
_xAdministración.
_995175
650 1 4 _aRecursos naturales
_xConservación
_zMéxico (Edo.).
_995266
700 1 _aValdivia Alcalá, Ramón
_9117308
_eDirector de tesis.
856 _uhttp://10.13.5.2/tesis/112027.pdf
_zDESCARGAR PDF
901 _aBK
942 _cTD
_2Clasificación Universidad Autónoma Chapingo
949 _aTesis
_bBC
_cTES
_d33724002228454
_eTS1
_gDonaciØn
_h51822
_i112027
_sb
949 _aTesis
_bBC
_cTES
_d33724002228496
_eTS2
_fc.2
_gDonaciØn
_h51823
_i112027
_sb
999 _c100368
_d100368